000 00888nam a22002295i 4500
001 53888
003 ES-MaACL
005 20230906162840.0
007 t|
008 960719s1894 sp ||||1| spa d
040 _aCAM
_bspa
_cCAM
100 1 _aPlano y García, Pedro María.
_9131212
245 1 0 _aAmpliaciones a la historia de Mérida de Moreno de Vargas, Forner y Fernández /
_cpor Pedro Mª Plano y García.
260 _aMérida :
_b[s.n.],
_c1894 (
_fimprenta y encuadernación de Plano y Corchero)
300 _a[2], IV, 7-188, [3] p., [26] h. de fot., [8] h. de lám. ;
_c26 cm.
651 4 _aMérida-
_xRestos arqueológicos.
_9152465
651 4 _aMérida-
_xHistoria.
_9156133
700 1 _aMoreno de Vargas, Bernabé.
_983362
700 1 _aForner y Segarra, Agustín Francisco.
_951779
700 1 _aFernández y Pérez, Gregorio.
_950188
852 _aES-MaACL
_jF-745(3)
999 _c53888
_d53888